Disproportionate minority confinement, 2002 update : summary /

Bibliographic Details
Main Author: Hsia, Heidi M.
Corporate Author: United States. Office of Juvenile Justice and Delinquency Prevention
Format: Government Document Book
Language:English
Published: Washington, D.C. : U.S. Dept. of Justice, Office of Justice Programs, Office of Juvenile Justice and Delinquency Prevention, [2004]
Subjects:
Online Access:https://purl.fdlp.gov/GPO/LPS54905

MARC

Tag First Indicator Second Indicator Subfields
LEADER 00000cam a2200000 a 4500
001 in00002009371
005 20211202202654.0
008 041025s2004 dcu b f000 0 eng c
035 |a (OCoLC)ocm56777371 
037 |a NCJ 201240 
040 |a GPO  |c GPO  |d DLC  |d MvI  |d UtOrBLW 
042 |a pcc 
043 |a n-us--- 
049 |a UDOC 
049 |a WWW 
074 |a 0718-A-05 
074 |a 0718-A-05 (online) 
086 0 |a J 32.2:M 66/2/2004/SUMM. 
100 1 |a Hsia, Heidi M. 
245 1 0 |a Disproportionate minority confinement, 2002 update :  |b summary /  |c Heidi M. Hsia, George S. Bridges, Rosalie McHale. 
264 1 |a Washington, D.C. :  |b U.S. Dept. of Justice, Office of Justice Programs, Office of Juvenile Justice and Delinquency Prevention,  |c [2004] 
300 |a vii, 42 pages ;  |c 28 cm. 
336 |a text  |b txt  |2 rdacontent 
337 |a unmediated  |b n  |2 rdamedia 
338 |a volume  |b nc  |2 rdacarrier 
500 |a Shipping list number: 2005-0007-P. 
500 |a "September 2004." 
500 |a Shipping List Date: 10/12/2004 
504 |a Includes bibliographical references (pages 41-42). 
530 |a Also available via Internet fropm the OJJDP web site. Address as of 10/20/04: http://www.ncjrs.org/pdffiles1/ojjdp/201240.pdf; current access is available via PURL. 
650 0 |a Juvenile corrections  |z United States. 
650 0 |a Minority youth  |z United States  |x Imprisonment. 
650 0 |a Juvenile detention  |z United States. 
650 0 |a Juvenile delinquency  |z United States  |x Prevention. 
710 1 |a United States.  |b Office of Juvenile Justice and Delinquency Prevention. 
856 4 1 |u https://purl.fdlp.gov/GPO/LPS54905  |t 0 
999 |a MARS 
999 f f |s 1366e205-55dc-343a-a6ef-1503f8a9b9fa  |i d2f1908a-47bd-3ff3-9019-98f2dc63e564  |t 0 
952 f f |p normal  |a Texas A&M University  |b College Station  |c Sterling C. Evans Library  |d Evans: US Documents (Annex 5th floor)  |t 0  |e J 32.2:M 66/2/2004/SUMM.  |h Superintendent of Documents classification  |i unmediated -- volume  |m A14832137262 
952 f f |a Texas A&M University  |b College Station  |c Electronic Resources  |d Available Online  |t 0  |e J 32.2:M 66/2/2004/SUMM.  |h Superintendent of Documents classification 
998 f f |a J 32.2:M 66/2/2004/SUMM.  |t 0  |l Available Online 
998 f f |a J 32.2:M 66/2/2004/SUMM.  |t 0  |l Evans: US Documents (Annex 5th floor)